000 00681nam a22002057a 4500
010 _aA-255600
035 _aA-255600
037 _bCen Lib / Ret
040 _aDPL
_bEN
082 _a327.54
_bAPP
100 _aAppadorai, A.
245 _aSelect documents on India's foreign policy and relations, 1947-1972 /
_cby A Appadorai
260 _aDelhi
_bOxford University Press
_c1985
270 _aOxford House Apollo Bunder
_bBombay
_e400009
300 _a(v 2. 784)
_b24cm(Hb)
650 _aIndia -- Foreign relations -- Sources.
650 _aInde -- Relations extérieures -- Sources.
650 _aDiplomatic relations.
942 _2ddc
_cEN
_h327.54
_mAPP
999 _c136662
_d136662